| 000 | 01883nam a2200325 a 4500 | ||
|---|---|---|---|
| 001 | 000015089 | ||
| 003 | DO-SdBPM | ||
| 005 | 20251013105352.0 | ||
| 007 | ta | ||
| 008 | 100201s2008 dr a 001 0 spa d | ||
| 040 |
_aDO-SdBNP _bspa _cBPMSU _erda _d |
||
| 049 | _a | ||
| 082 | 4 |
_a304.6021 _bR426r 2008 _222 |
|
| 110 | 1 |
_aRepública Dominicana. _bOficina Nacional de Estadística |
|
| 245 | 1 | 0 |
_aRepública Dominicana : _bestimaciones y proyecciones de población 1950-2050/ _cpresentación Pablo Tactuk |
| 246 | 1 | 3 | _aTablas abreviadas de mortalidad 1950-2002 y perspectivas 2000-2050. Revisión 2007 |
| 264 |
_aSanto Domingo : _b Secretaría de Estado de Economía, Planificación y Desarrollo, _c2008 |
||
| 300 |
_a62 páginas _bilustración ; _c21 cm. |
||
| 336 |
_atexto _btxt _2rdacontent |
||
| 337 |
_asin mediación _bn _2rdamedia |
||
| 338 |
_avolumen _bnc _2rdacarrier |
||
| 505 | 0 | _aPresentación 9 -- Introducción 11 -- Aspectos generales de las tablas de vida o tablas de mortalidad. 13 -- Las condiciones de la mortalidad en la segunda mitad del siglo XX 15 -- Mortalidad de población de 5 de cinco años y más de edad. 21 -- Los cambios en la sobremortalidad masculina por edad. 24 -- Tabla de mortalidad. 27 -- Los cambios en la mortalidad reflejados en la esperanza de vida 27 -- Proyecciones de las tablas de mortalidad quinquenales 2000-2050 30 -- Cambios esperados en la mortalidad de la República Dominicana 31 -- Anexos 35 -- Bibliografía. | |
| 590 | _aInventariado, 2025/VM | ||
| 650 | 7 |
_aDemografía _zRepública Dominicana _2 |
|
| 650 | 7 |
_aProyecciones de población _zRepública Dominicana _y2000-2050 _vEstadísticas. |
|
| 700 |
_a Tactuk ,Pablo _epresentación |
||
| 710 | 1 |
_aRepública Dominicana. _bSecretaría de Estado de Economía, Planificación y Desarrollo. _b |
|
| 910 | _aVMateo V. Control de calidad. BPMSU | ||
| 942 |
_2ddc _cBK |
||
| 999 |
_c15433 _d15433 |
||